Loading...

Vruschikam/

Bibliographic Details
Main Author: Ravunni
Format: Printed Book
Language:Malayalam
Published: Kottayam: D. C. Books, 1995
LEADER 00549nam a22001817a 4500
003 OSt
005 20200624134612.0
008 160216b xxu||||| |||| 00| 0 mal d
041 |a mal 
082 |a 851.86R3 VRU 
100 |a Ravunni 
245 |a Vruschikam/  |c Ravunni 
260 |a Kottayam:  |b D. C. Books,  |c 1995 
300 |a 104p. 
546 |a In Malayalam 
942 |2 ddc  |c BK 
999 |c 327059  |d 327059 
952 |0 0  |1 0  |2 ddc  |4 0  |6 851_000000000000000_86R3_VRU  |7 0  |9 373602  |a CSC  |b CSC  |c ST1  |d 2016-02-16  |i 7739  |l 0  |o 851.86R3 VRU  |p CSC7739  |r 2016-02-16  |w 2016-02-16  |y BK